Normal view
MARC view
Entry Topical Term
001 - CONTROL NUMBER
- control field: 80389
003 - CONTROL NUMBER IDENTIFIER
- control field: dpl
005 - DATE AND TIME OF LATEST TRANSACTION
- control field: 20250407125238.0
008 - FIXED-LENGTH DATA ELEMENTS
- fixed length control field: 250407|| aca||aabn | a|a d
040 ## - CATALOGING SOURCE
- Original cataloging agency: dpl
- Transcribing agency: dpl
150 ## - HEADING--TOPICAL TERM
- Topical term or geographic name as entry element: Poor women
- Geographic subdivision: India
- Geographic subdivision: Maharashtra
670 ## - SOURCE DATA FOUND
- Source citation: Work cat.: (dpl)210858: Jeevasundari, Y B 80388, Life & Work Of Moovalur Ramamirtham Ammaiyar/, 2024
